Language Quiz

Random Language or Italian Quiz

Italian Fish and Stuff Quiz Stats

Quiz not verified by Sporcle

Also try: In & Out Labyrinth
Challenge
Share
Tweet
Embed
Score 0/38 Timer 06:00
0 Plays Today
Hint Answer % Correct
1stIl primo
90%
2cndIl secondo
90%
SalmonIl salmone
85%
EnoughAbbastanza
85%
3rdIl terzo
85%
4thIl quarto
85%
5thIl quinto
85%
7thIl settimo
85%
8thOttavo
85%
10th Il decimo
85%
ClamLa vongola
80%
OctopusIl polpo
80%
SnailsLe lumache
80%
SwordfishPesce spada
80%
TannedAbbronzato
80%
To hugAbbracciare
80%
TonightStasera
80%
EggplantLa melanzana
80%
6thIl sesto
80%
Hint Answer % Correct
9thIl nono
80%
SeawaterAcqua di mare
80%
CrabIl granchio
75%
MusselsLe cozze
75%
OystersLe ostriche
75%
SquidIl calamaro
75%
To sneezeStarnutire
75%
ClumsyGoffo
75%
ReservationLa prenotazione
75%
CuttlefishLa seppia
70%
EducationIstruzione
70%
CodIl merluzzo
65%
SardinesLe acciughe
65%
SoleLa sogliola
65%
MedicineLa medecina
65%
MackerelLo sgombro
60%
Sea bassIl branzino
60%
SuccesfulAffermato
60%
ShrimpIl gambero
55%

You're not logged in!

Compare scores with friends on all Sporcle quizzes.
Sign Up with Email
OR
Log In

You Might Also Like...

Show Comments

Extras

Top Quizzes Today


Score Distribution

Your Account Isn't Verified!

In order to create a playlist on Sporcle, you need to verify the email address you used during registration. Go to your Sporcle Settings to finish the process.